The Origins of war in South Asia: Indo-Pakistan Conflicts since 1947 (Record no. 63542)

000 -LEADER
fixed length control field 00541nam a22001817a 4500
003 - CONTROL NUMBER IDENTIFIER
control field NUST - PNEC
005 - DATE AND TIME OF LATEST TRANSACTION
control field 20170116180817.0
008 - FIXED-LENGTH DATA ELEMENTS--GENERAL INFORMATION
fixed length control field 150527b xxu||||| |||| 00| 0 eng d
020 ## - INTERNATIONAL STANDARD BOOK NUMBER
International Standard Book Number -
040 ## - CATALOGING SOURCE
Transcribing agency LIBRARY
082 ## - DEWEY DECIMAL CLASSIFICATION NUMBER
Classification number 355.54 GAN
100 ## - MAIN ENTRY--PERSONAL NAME
9 (RLIN) 3706
Personal name Ganguly, Sumit
245 ## - TITLE STATEMENT
Title The Origins of war in South Asia: Indo-Pakistan Conflicts since 1947
Statement of responsibility, etc. Sumit Ganguly
260 ## - PUBLICATION, DISTRIBUTION, ETC.
Place of publication, distribution, etc. Lahore:
Name of publisher, distributor, etc. Vanguard Books Pvt., Ltd.,
Date of publication, distribution, etc. c1998.
300 ## - PHYSICAL DESCRIPTION
Extent 182 p. :
Dimensions 22 cm.
650 ## - SUBJECT ADDED ENTRY--TOPICAL TERM
9 (RLIN) 3707
Topical term or geographic name entry element Indo-Pakistan relationships
General subdivision General
942 ## - ADDED ENTRY ELEMENTS (KOHA)
Source of classification or shelving scheme
Koha item type Book
Holdings
Withdrawn status Lost status Source of classification or shelving scheme Damaged status Not for loan Permanent Location Current Location Shelving location Date acquired Source of acquisition Cost, normal purchase price Total Checkouts Full call number Barcode Date last seen Cost, replacement price Price effective from Koha item type
          Pakistan Navy Engineering College (PNEC) Pakistan Navy Engineering College (PNEC)   01/02/1993 Vanguard Book Co./Library/Reference Grant 170.00   355.54 GAN PNECLIB-016975 05/27/2015 170.00 01/02/1993 Book
© 2023 Central Library, National University of Sciences and Technology. All Rights Reserved.